|
|
|
|
| LEADER |
00000nab a2200000 a 4500 |
| 001 |
vtls010564639 |
| 003 |
SK-MaSNL |
| 005 |
20260319071138.0 |
| 008 |
131211|2013 xo m| 000 0|hun |
| 015 |
|
|
|a SNBRB2013/12
|
| 038 |
|
|
|a DSZK
|
| 040 |
|
|
|a DSZK
|b slo
|c DSZK
|e AACR2
|
| 041 |
0 |
|
|a hun
|
| 044 |
|
|
|a xo
|c SK
|
| 080 |
|
|
|a 641.85:638.167
|2 2001
|
| 100 |
1 |
|
|a Horváth, Katalin L.
|4 ivr
|4 aut
|9 348053
|
| 245 |
1 |
0 |
|a Aki mézeskalácsban látja a világot
|b Tímea mézeskalácsai
|c L. Horváth Katalin, Nagy Tímea
|
| 300 |
|
|
|b Fotogr.
|
| 500 |
|
|
|a Článok obsahuje aj recept na medovníčky
|
| 600 |
1 |
7 |
|a Nagy, Tímea
|2 dszk
|9 395628
|
| 650 |
0 |
7 |
|a medovníky
|2 dszk
|9 36829
|
| 650 |
0 |
7 |
|a pečenie (príprava jedál)
|2 dszk
|9 55369
|
| 650 |
0 |
7 |
|a zdobenie
|2 dszk
|9 1087275
|
| 651 |
|
7 |
|a Dunajská Streda (Slovensko)
|2 SNKPH
|9 17375
|
| 700 |
1 |
|
|a Nagy, Tímea
|4 ive
|4 aut
|9 395628
|
| 773 |
0 |
|
|t Új nő
|g Évf. 19, sz. 12 (2013), o. 52-54
|x 1335-938X
|
| 852 |
|
|
|a DSZK
|b KIS3GCP
|
| 958 |
|
|
|a HU
|
| 958 |
|
|
|a SK
|
| 999 |
|
|
|c 1799206
|d 1801136
|